Football Teams Mario Mandžukić Played For - Statistics

General Stats
  • This quiz has been taken 48 times
  • The average score is 6 of 9
Answer Stats
League Years Team % Correct
Germany 2012-2014 FC Bayern München
100%
Italy 2015-2020 Juventus FC
88%
Spain 2014-2015 Atlético de Madrid
80%
Croatia 2007-2010 GNK Dinamo Zagreb
80%
Italy 2021 AC Milan
68%
Germany 2010-2012 VfL Wolfsburg
66%
Croatia 2005-2007 NK Zagreb
56%
Qatar 2020 Al-Duhail SC
22%
Croatia 2004-2005 NK Marsonia 1909
20%
No matching quizzes found
Score Distribution
Percent of People with Each Score
Percentile by Number Answered
Your Score History
You have not taken this quiz